| 000 | 00000nam 2200000za 4500 |
| 001 | 9.640820 |
| 003 | CaOODSP |
| 005 | 20240415124444 |
| 007 | cr ||||||||||| |
| 008 | 150407|2011||||xxc|||||o f|0| 0 fre d |
| 020 | |a978-1-100-99827-5 |
| 040 | |aCaOODSP|bfre |
| 043 | |an-cn--- |
| 086 | 1 |aHS18-33/2012F-PDF |
| 110 | 1 |aCanada. |bRessources humaines et développement des compétences Canada. |
| 245 | 10|aÉtudes des cas - l'intégration des compétences essentielles pour la réussite - Youth Live / |h[ressource électronique]|c[par] Bureau de l'alphabétisation et des compétences essentielles. |
| 260 | |aGatineau - Québec : |bRessources humaines et Développement des compétences Canada |cc2011. |
| 300 | |a6p. |
| 500 | |aVeuillez noter qu'aucun format alternatif n'est fourni pour cette publication. Cette ressource n'est plus active -- Service Canada, 15 avril 2024. |
| 590 | |a13-18-Supp|b2013-08-01 |
| 775 | 08|tCase study - integrating essential skills for success - Youth Live / |w(CaOODSP)9.696714 |
| 856 | 40|ahttp://publications.gc.ca|qPDF|s3.95 Mo|uhttps://publications.gc.ca/collections/collection_2013/rhdcc-hrsdc/HS18-33-2012-fra.pdf |
| 986 | |aWP-182-10-12F |